00462nam a2200085Ia 4500008004100000245016100041260000900202300014400211650002100355180130s9999 xx 000 0 und d cMcKelvey, Maureen; Ljungberg, Daniel; Laage-Hellman, JensaCollaborative research in innovative food: an example of renewing a traditional low-tech industry c2013 aBook title: How entrepreneurs do what they do : case studies in knowledge intensive entrepreneurship--Acession number C17365; pages 159-172 aENTREPRENEURSHIP